000 00600nam a22001817a 4500
005 20251108164309.0
008 250721s1972 xx 000 0 ara d
082 1 4 _a355.09565/نوا
100 1 _aأبو نوار، معن
245 1 0 _aتاريخ القوات المسلحة الأردنية /
264 1 _aعمان :
_bمطبعة القوات المسلحة،
_c1972.
300 _aج2.
500 _aالمحتويات ج2 - عهد الملك طلال بن عبدالله 1951 - 1952
650 1 7 _aالأردن
650 1 7 _aالقوات المسلحة
942 _2ddc
_cBK
999 _c8664
_d8664